Catálogo
 En Linea

El detallista del 2000 : (Registro nro. 8133)

Detalles MARC
000 -CABECERA
campo de control de longitud fija 00985nam a2200205 a 4500
001 - NÚMERO DE CONTROL
campo de control 000008362
005 - FECHA Y HORA DE LA ÚLTIMA TRANSACCIÓN
campo de control 20240527203310.0
008 - DATOS DE LONGITUD FIJA--INFORMACIÓN GENERAL
campo de control de longitud fija 090916s1999 dr 000 0 spa d
040 ## - FUENTE DE LA CATALOGACIÓN
Centro catalogador/agencia de origen DO-SdBNP
082 ## - NÚMERO DE LA CLASIFICACIÓN DECIMAL DEWEY
Número de clasificación 658.8701
Número de documento/Ítem D479d
049 ## - FONDOS LOCALES (OCLC)
Fondos de biblioteca BNPD
110 2# - ENTRADA PRINCIPAL--NOMBRE DE ENTIDAD CORPORATIVA
Nombre de entidad corporativa o nombre de jurisdicción como elemento de entrada República Dominicana.
Unidad subordinada Unión Nacional de Comerciantes Detallistas
9 (RLIN) 22568
245 13 - MENCIÓN DE TÍTULO
Título El detallista del 2000 :
Resto del título estrategia de desarrollo para el próximo milenio.
260 ## - PUBLICACIÓN, DISTRIBUCIÓN, ETC.
Lugar de publicación, distribución, etc. Santo Domingo, :
Nombre del editor, distribuidor, etc. UNACO
Fabricante Búho
Fecha de publicación, distribución, etc. 1999.
300 ## - DESCRIPCIÓN FÍSICA
Extensión 133 p. ;
Dimensiones 21 cm.
500 ## - NOTA GENERAL
Nota general Procede del 3er. Seminario "Desarrollo Gerencial del Comerciante Detallista Rumbo al Año 2005", celebrada 18 de abril 1998 en Santo Domingo, República Dominicana.
650 #4 - PUNTO DE ACCESO ADICIONAL DE MATERIA--TÉRMINO DE MATERIA
Término de materia o nombre geográfico como elemento de entrada Comercio minorista
Subdivisión geográfica República Dominicana
Subdivisión general Congresos, conferencias, etc.
9 (RLIN) 22569
650 #0 - PUNTO DE ACCESO ADICIONAL DE MATERIA--TÉRMINO DE MATERIA
Término de materia o nombre geográfico como elemento de entrada Política comercial
9 (RLIN) 22570
711 2# - PUNTO DE ACCESO ADICIONAL--NOMBRE DE REUNIÓN/CONGRESO
Nombre de congreso/reunión o jurisdicción como elemento de entrada Seminario "Desarrollo Gerencial del Comerciante Detallista Rumbo al Año 2005"
Número del congreso/reunión o número de parte o sección (3er. :
Fecha del congreso/reunión 1998 :
Sede del congreso/Lugar de la reunión Santo Domingo, República Dominicana)
9 (RLIN) 22571
Existencias
Estado de retiro Estado de pérdida No para préstamo Código de colección Localización permanente Ubicación/localización actual Ubicación en estantería Fecha de adquisición Número de inventario Total de préstamos Signatura topográfica completa Código de barras Fecha visto por última vez Precio válido a partir de Tipo de ítem Koha Número de copia
    Excluido de préstamo Patrimonio Dominicano Patrimonio Dominicano Patrimonio Dominicano En catalogación 16.09.2009 LF1   658.8701 D479d 8362-10 25.06.2020 25.06.2020 Libro y Folleto Colección Patrimonio Dominicano  
    Excluido de préstamo Patrimonio Dominicano Patrimonio Dominicano Patrimonio Dominicano En catalogación 16.09.2009 LF1   658.8701 D479d 8362-20 25.06.2020 25.06.2020 Libro y Folleto Colección Patrimonio Dominicano e. 2

Con tecnología Koha